000 00307nam a2200133 i 4500
001 bg
100 1 _aORŁOWSKI, H.
245 0 _aKomputerowe układy automatyki /
_cH. Orłowski.
260 _aWarszawa,
_c1980.
040 _cBPK
041 _apol
942 _cKS
008 s pl f |000 0 pol
999 _c4135
_d4135
856 _uhttp://koha.tu.koszalin.pl/cgi-bin/koha/opac-detail.pl?biblionumber=4135
_yKatalog online BPK